000 00848nam a2200265Ia 4500
003 OSt
005 20220925182114.0
006 a|||||r|||| 00| 0
007 ta
008 220923b |||||||| |||| 00| 0 eng d
020 _a9780226567464
_c6056.25
037 _b57252, 15/02/2019, Segment Book Distributors
_cGeneral Book
040 _aRTL
_cRTL
_beng
041 _2eng
_aeng
082 _aB28b4, Q8
100 _aMARTIN John Levi
_9255481
245 0 _aThinking through statistics
260 _aChicago
_bUniversity of Chicago Press
_c2018
300 _axiv,362p
_ccm.
490 _aRoutledge Advances In South Asian Studies
500 _aBibliography: p 314-343
650 _aEconomics
942 _hB28b4, Q8
_cGB
_2CC
999 _c501283
_d501283